Archeological investigations at the George C. Davis Site, Cherokee County, Texas : summer, 1978 /

Bibliographic Details
Main Author: Creel, Darrell
Corporate Authors: Texas A & M University, Texas Antiquities Committee
Other Authors: Baxter, Edward P.
Format: Book
Language:English
Published: [College Station, Texas] : Texas A & M University and Texas Antiquities Committee, [1980]
Series:Antiquities permit series ; no. 1.
Subjects:

MARC

Tag First Indicator Second Indicator Subfields
LEADER 00000cam a2200000 i 4500
001 in00000087190
005 20151008062831.0
008 810623s1980 txuab b s000 0 eng c
035 |a (OCoLC)ocm07523098 
035 |a (OCoLC)07523098 
035 |9 AAK1033AM 
035 |a (OCoLC)7523098 
040 |a TXU  |b eng  |e rda  |c TXU  |d OCLCQ  |d TXA  |d UtOrBLW 
042 |a pcc 
043 |a n-us-tx 
049 |a TXAM 
050 4 |a E99.C13  |b C738 1980 
100 1 |a Creel, Darrell. 
245 1 0 |a Archeological investigations at the George C. Davis Site, Cherokee County, Texas :  |b summer, 1978 /  |c by Darrell Creel ; Ed Baxter, principal investigator. 
264 1 |a [College Station, Texas] :  |b Texas A & M University and Texas Antiquities Committee,  |c [1980] 
300 |a xii, 172 leaves :  |b illustrations, maps ;  |c 28 cm. 
336 |a text  |b txt  |2 rdacontent 
337 |a unmediated  |b n  |2 rdamedia 
338 |a volume  |b nc  |2 rdacarrier 
490 1 |a Antiquities permit series ;  |v no. 1 
500 |a "April, 1980." 
500 |a "December, 1979."--Cover. 
500 |a "Report submitted in partial fulfillment of Texas Forest Service purchase order number TFS 5-888, Indian Mound Nursery Addition 302, and Texas antiquities permit 181." 
500 |a "Texas antiquities permit 181." 
500 |a On cover: December 1979. 
650 0 |a Caddoan Indians  |x Antiquities. 
650 0 |a Archaeology  |z Texas  |z George C. Davis Site (Cherokee County) 
651 0 |a George C. Davis Archeological Site (Tex.) 
650 0 |a Excavations (Archaeology)  |z Texas  |z George C. Davis Archeological Site. 
651 0 |a Cherokee County (Tex.)  |x Antiquities. 
700 1 |a Baxter, Edward P. 
710 2 |a Texas A & M University. 
710 2 |a Texas Antiquities Committee. 
830 0 |a Antiquities permit series ;  |v no. 1. 
949 |a updated  |b h  |c 2013/11/6  |e mwilson  |f 11:05:06 am 
994 |a C0  |b TXA 
999 |a MARS 
999 f f |s 51e44843-3a14-3d8f-a735-b85b92598d9e  |i 791ea4cb-3bdb-375b-b74d-0c9a989b9b10  |t 0 
952 f f |p normal  |a Texas A&M University  |b College Station  |c Sterling C. Evans Library  |d Evans: Library Stacks  |t 0  |e E99.C13 C738 1980  |h Library of Congress classification  |i unmediated -- volume  |m A14805984400 
952 f f |p default  |a Texas A&M University  |b College Station  |c Sterling C. Evans Library  |d Evans: Microforms (3rd floor)  |t 0  |e film S 1716 Reel 1 frames 1103-1268  |h Other scheme  |i unmediated -- volume 
952 f f |p noncirc  |a Texas A&M University  |b College Station  |c Cushing Memorial Library & Archives  |d Cushing: Texas A&M (Does not check out)  |t 0  |e E99.C13 C738 1980  |h Library of Congress classification  |i unmediated -- volume 
998 f f |a E99.C13 C738 1980  |t 0  |l Evans: Library Stacks 
998 f f |a film S 1716 Reel 1 frames 1103-1268  |t 0  |l Evans: Microforms (3rd floor) 
998 f f |a E99.C13 C738 1980  |t 0  |l Cushing: Texas A&M (Does not check out)